000 01431cam a22004097a 4500
003 CHAP
005 20220817043636.0
008 000320d1998 mx r 00110 spa d
010 _a80478
011 _a81450
035 _a91921
040 _cCHAP
090 _aFolleto 15704
100 0 0 _aNeri Flores, Oscar.
_980875
245 1 0 _aAgronegocios sostenibles alternativas para el desarrollo del sector rural y pesquero
_c/por Oscar Neri Flores, Ramón Burciaga Verduzco y Juan Carlos León Fierro
260 _aMéxico, D.F. :
_bFideicomisos Instituidos en Relación con la Agricultura,
_c1999.
300 _a76 p. :
_bilus. ; gráfs. ; cuadros
410 2 _aFIRA
490 0 _aBoletin informativo
_v; XXXII (311)
590 _aBATCH-UPD
_b10
_c20130109
_lUCH01
_h2351
590 _aBATCH-UPD
_b10
_c20130110
_lUCH01
_h1008
590 _aBATCH-UPD
_b10
_c20130410
_lUCH01
_h0617
590 _aBATCH-UPD
_b10
_c20130913
_lUCH01
_h2210
590 _aCONVERSION
_b10
_c20130109
_lUCH01
_h1345
650 1 4 _aAgricultura sustentable.
650 1 4 _aAgroforestería.
_92156
650 1 4 _aAvestruz.
_98693
650 1 4 _aDesarrollo sustentable.
650 1 4 _aVenados.
_9118663
700 0 _aLeón Fierro, Juan Carlos.
_966114
810 2 _aFIRA
_941029
830 0 _aBoletin informativo
_v; XXXII (311)
901 _aBK
905 _aGuadalupe Pinto C.
942 _cFOLL
949 _aFolleto 15704
_bBC
_cFOLL
_d919211
_eTS1
_i91921
_sb
999 _c80478
_d80478